El joven moderno y el sexo / (Registro nro. 11451)

Detalles MARC
000 -LEADER
fixed length control field 01395nam a22002537a 4500
001 - CONTROL NUMBER
control field 000689
003 - CONTROL NUMBER IDENTIFIER
control field DO-SdBNP
005 - DATE AND TIME OF LATEST TRANSACTION
control field 20160919141118.0
007 - PHYSICAL DESCRIPTION FIXED FIELD--GENERAL INFORMATION
fixed length control field 000689
008 - FIXED-LENGTH DATA ELEMENTS--GENERAL INFORMATION
fixed length control field 151217b 1992 xxu ac 00| 0 spa d
040 ## - CATALOGING SOURCE
Original cataloging agency BPMSU
Language of cataloging spa
Transcribing agency BPMSU
092 ## - LOCALLY ASSIGNED DEWEY CALL NUMBER (OCLC)
Classification number xxxxx
Item number xxxxx
100 1# - MAIN ENTRY--PERSONAL NAME
Personal name Knight, Juan F.
Titles and words associated with a name Dr.
240 10 - UNIFORM TITLE
Uniform title <a href="So you´re a teenager /">So you´re a teenager /</a>
245 13 - TITLE STATEMENT
Title El joven moderno y el sexo /
Statement of responsibility, etc. Juan F. Knight ; traducción Sergio V. Collins
250 ## - EDITION STATEMENT
Edition statement 2a. ed.
260 ## - PUBLICATION, DISTRIBUTION, ETC. (IMPRINT)
Place of publication, distribution, etc. Miami Florida, Estados Unidos :
Name of publisher, distributor, etc. Asociación publicadora interamericana,
Date of publication, distribution, etc. 1992.
300 ## - PHYSICAL DESCRIPTION
Extent 188 p. :
Other physical details il., retrs. ;
Dimensions 24 cm.
505 0# - FORMATTED CONTENTS NOTE
Title El sexo, parte de la vida --
-- Hechos curiosos acerca de los varones --
-- Un proceso de producción constante --
-- Cuando se activan las hormonas --
-- La anatomía femenina --
-- Maravillas del sexo femenino --
-- El placer de salir juntos --
-- El matrimonio: un plan no superado --
-- Cómo prepararse para alcanzar el éxito --
-- Un método seguro para estudiar con provecho --
-- Respuestas positivas a los problemas juveniles --
-- El aumento de las enfermedades sexuales --
-- El sexo artificial --
-- El sida --
-- ¡Cuidado, no juegue con fuego! --
-- Cómo evitar la ruina de los jóvenes --
-- Venza la depresión y las emociones negativas --
-- Recomendaciones finales --
700 12 - ADDED ENTRY--PERSONAL NAME
Personal name Collins, Sergio V.
Relator term tr.
910 ## - USER-OPTION DATA (OCLC)
User-option data 00260
942 ## - ADDED ENTRY ELEMENTS (KOHA)
Source of classification or shelving scheme Dewey Decimal Classification
Koha item type Libros
956 ## - LOCAL ELECTRONIC LOCATION AND ACCESS (OCLC)
Host name Yngrid Lockward
Access number 10
Existencias
Withdrawn status Lost status Source of classification or shelving scheme Damaged status Not for loan Collection code Home library Current library Date acquired Source of acquisition Total Checkouts Barcode Date last seen Price effective from Koha item type
    Dewey Decimal Classification       Biblioteca Pública Metropolitana Salomé Ureña Biblioteca Pública Metropolitana Salomé Ureña 09/19/2016 Sin sellar   BPMSU16090411 09/19/2016 09/19/2016 Libros